Normal görünüm
MARC görünümü
Giriş Personal Name
001 - CONTROL NUMBER
- control field: 2613
003 - CONTROL NUMBER IDENTIFIER
- control field: TR-AnCHP
005 - DATE AND TIME OF LATEST TRANSACTION
- control field: 20220512152653.0
008 - FIXED-LENGTH DATA ELEMENTS
- fixed length control field: 1901101016n|cannaabn |n|d ||
040 ## - CATALOGING SOURCE
- Original cataloging agency: TR-AnCHP
100 10 - HEADING--PERSONAL NAME
- Personal name: Anday, Melih Cevdet
670 ## - SOURCE DATA FOUND
- Source citation: Anday, Melih Cevdet1915-2002.
- Information found: Tanıdık dünyaMelih Cevdet Anday ; resimler Abidin Dino
